LEADER 02077nas 2200637-a 450 001 996214013003316 005 20240413022309.0 011 $a1504-7539 035 $a(DE-599)ZDB2236699-4 035 $a(CKB)110978977118470 035 $a(CONSER)---38021754- 035 $a(EXLCZ)99110978977118470 100 $a20750812a19349999 --- a 101 0 $anor 181 $ctxt$2rdacontent 182 $cc$2rdamedia 183 $acr$2rdacarrier 200 00$aBok og bibliotek $etidsskrift for bogvenner, biblioteker og folkeakademier 210 $aOslo $c[O.F. Arnesens bok- og akcidenstrykkeri]$d1934- 215 $a1 online resource 300 $aTitle from cover. 300 $aVolumes for <1998-> have as other title information: BOB. 300 $aSubtitle varies. 311 08$aPrint version: Bok og bibliotek : 0006-5811 (DLC) 38021754 (OCoLC)1536660 330 $a1936-årg. 6, nr. 2 (1939) each have separately paged section: Nye bøker. 517 3 $aBOB 531 0 $aBok bibl. 606 $aLibraries$zNorway$vPeriodicals 606 $aLibrary science$vPeriodicals 606 $aBibliography$vPeriodicals 606 $aBibliography$2fast$3(OCoLC)fst00831351 606 $aLibraries$2fast$3(OCoLC)fst00997341 606 $aLibrary science$2fast$3(OCoLC)fst00997916 606 $aBOOK INDUSTRY$2unbist 606 $aLIBRARIES$2unbist 606 $aLIBRARY SCIENCE$2unbist 606 $aNORWAY$2unbist 607 $aNorway$2fast$1https://id.oclc.org/worldcat/entity/E39QbtfRyK4jjG7gmVvd83RM4Y 608 $aPeriodicals.$2fast 615 0$aLibraries 615 0$aLibrary science 615 0$aBibliography 615 7$aBibliography. 615 7$aLibraries. 615 7$aLibrary science. 615 07$aBOOK INDUSTRY. 615 07$aLIBRARIES. 615 07$aLIBRARY SCIENCE. 615 07$aNORWAY. 676 $a020.5 712 02$aStatens bibliotektilsyn (Norway) 906 $aJOURNAL 912 $a996214013003316 920 $aexl_impl conversion 996 $aBok og bibliotek$92178254 997 $aUNISA LEADER 01429nas 2200445-a 450 001 996204089903316 005 20240413012953.0 035 $a(CKB)1000000000214031 035 $a(CONSER)---00253354- 035 $a(EXLCZ)991000000000214031 100 $a20000920a20009999 --- a 101 0 $aeng 181 $ctxt$2rdacontent 182 $cc$2rdamedia 183 $acr$2rdacarrier 200 00$aCarnegie reporter /$fCarnegie Corporation of New York 210 $aNew York, N.Y. $cCarnegie Corp. of New York$dc2000- 215 $a1 online resource 300 $aTitle from cover. 311 $aPrint version: Carnegie reporter / (DLC) 00253354 (OCoLC)45049443 1546-9883 606 $aEndowment of research$vPeriodicals 606 $aCURRENT EVENTS$2unbist 606 $aSOCIAL RESEARCH$2unbist 606 $aPEACE RESEARCH$2unbist 606 $aPOLITICAL SCIENCE RESEARCH$2unbist 606 $aEndowment of research$2fast$3(OCoLC)fst00909851 608 $aPeriodicals.$2fast 615 0$aEndowment of research 615 17$aCURRENT EVENTS. 615 17$aSOCIAL RESEARCH. 615 17$aPEACE RESEARCH. 615 17$aPOLITICAL SCIENCE RESEARCH. 615 7$aEndowment of research. 676 $a001.4/4 712 02$aCarnegie Corporation of New York. 906 $aJOURNAL 912 $a996204089903316 920 $aexl_impl conversion 996 $aCarnegie reporter$92017675 997 $aUNISA